Země nejblíže k Myanmaru - jedna minuta sprintu - Statistics

General Stats
  • This quiz has been taken 85 times
  • The average score is 12 of 20
Answer Stats
km země % Correct
0 Čína
94%
0 Indie
94%
0 Thajsko
89%
126 Vietnam
88%
0 Laos
86%
539 Indonésie
83%
0 Bangladéš
72%
405 Malajsie
72%
324 Kambodža
69%
297 Bhútán
66%
590 Nepál
61%
1994 Pákistán
48%
1109 Singapur
47%
1629 Srí Lanka
47%
1576 Mongolsko
39%
2055 Filipíny
34%
1780 Brunej
33%
2179 Kazachstán
28%
1767 Tchaj-wan
13%
2170 Kyrgyzstán
8%
No matching quizzes found
Score Distribution
Percent of People with Each Score
Percentile by Number Answered
Your Score History
You have not taken this quiz